000 00584nam a2200145Ia 4500
008 170221s9999 xx 000 0 und d
100 _aJones Lewis Arthur
245 _aAssessing the Effectiveness of National Service Scheme: Exploring the Perceptions of Service Personnel in the Sunyani Municipality of Ghana
245 _cJones Lewis Arthur, Kwaku Amofah, Abigail Owusu-Banahene
260 _bInternational Review of Management and Marketing
260 _c2016
300 _a15 : 3
650 _xMarketing.
856 _uhttp://www.econjournals.com/index.php/irmm/issue/view/64
999 _c311920
_d311920